National Parks In New York - Statistics

General Stats
  • This quiz has been taken 4 times
  • The average score is 7 of 21
Answer Stats
Type Answer % Correct
NM Statue of Liberty
100%
NM African Burial Ground
50%
NHS Eleanor Roosevelt
50%
NHS Martin Van Buren
50%
NHP Saratoga
50%
N MEM Federal Hall
25%
NS Fire Island
25%
NM Fort Stanwix
25%
N MEM General Grant
25%
NM Governors Island
25%
N MEM Hamilton Grange
25%
NHP Harriet Tubman
25%
NHS Sagamore Hill
25%
NHS Saint Pauls Church
25%
NM Stonewall
25%
NHS Theodore Roosevelt Birthplace
25%
NHS Theodore Roosevelt Inaugural
25%
NHS Vanderbilt Mansion
25%
NHP Women's Rights
25%
NM Castle Clinton
0%
NHS Home of Franklin D. Roosevelt
0%
No matching quizzes found
Score Distribution
Percent of People with Each Score
Percentile by Number Answered
Your Score History
You have not taken this quiz